=LDR 00000nam 2200000 4500 =001 INLIS000000000003770 =005 20130612092054 =008 ***********************************Ind** =035 ##$$0010-061300000003770 =041 ##$$a Ind =082 ##$$a 610.73 =090 ##$$a 610.73, Lis p =100 ##$$a Lismidar, H =245 ##$$a Proses keperawatan, H.Lismidar =260 ##$$a 1990 $b Jakarta =300 ##$$a xiv, 132 hlm., 21 cm =650 ##$$a Perawat dan perawatan =850 ##$$a NBPNMAT